| 000 | 02823nam0a2200445 4500 | ||
|---|---|---|---|
| 001 | RU\NLR\bibl\989002 | ||
| 005 | 20260408160519.0 | ||
| 010 |
_a5-88874-704-1 _9150 |
||
| 021 |
_aRU _b2006-47492 _92364 |
||
| 035 | _a(NLR Aleph) 000976839 | ||
| 035 | _a(nilc)RSL-KNO-002918997 | ||
| 090 |
_a434040 _c434040 |
||
| 100 | _a20060818d2006 u y0rusy50 ca | ||
| 101 | 0 | _arus | |
| 102 | _aRU | ||
| 105 | _aa ||||||||| | ||
| 106 | _ar | ||
| 200 | 1 |
_aВысшая нервная деятельность и сенсорные системы _eучеб. пособие _fБ. С. Осипов, Е. В. Пономарева _gРоссийский гос. ун-т им. И. Канта |
|
| 210 |
_aКалининград _cИзд-во Российского гос. ун-та _d2006 |
||
| 215 |
_a139 с. _cил. _d21 |
||
| 320 | _aБиблиогр. в конце кн. | ||
| 606 | 1 |
_aВысшая нервная деятельность _jУчебные издания для высших учебных заведений _91001175 _3RU\NLR\auth\6661990 |
|
| 606 |
_aОрганы (биол.) чувств _jУчебные издания для высших учебных заведений _3RU\NLR\auth\66225804 _91308502 |
||
| 610 | 0 | _aБиологические науки -- Физиология, биофизика и биохимия животных и человека -- Физиология, биофизика и биохимия органов чувств -- Учебник для высшей школы | |
| 610 | 0 | _aБиологические науки -- Физиология, биофизика и биохимия животных и человека -- Физиология, биофизика и биохимия нервной системы -- Центральная нервная система -- Высшая нервная деятельность -- Учебник для высшей школы | |
| 610 | 0 | _aБиологические науки -- Физиология, биофизика и биохимия животных и человека -- Физиологические основы психики и поведения -- Учебник для высшей школы | |
| 686 |
_aЕ992я73-1 _2rubbk |
||
| 686 |
_aЕ994я73-1 _2rubbk |
||
| 686 |
_aЕ991.782я73-1 _2rubbk |
||
| 686 | _aЕ991.782.7я73 | ||
| 686 | _aЕ992я73 | ||
| 700 | 1 |
_4070 _8rus _7ca _aОсипов _bБ. С. _cбиолог _gБорис Сергеевич _3RU\NLR\auth\7743925 _926867 |
|
| 701 | 1 |
_4070 _8rus _7ca _aПономарева _bЕ. В. _cбиолог _gЕвгения Владимировна _3RU\NLR\auth\7743926 _926868 |
|
| 801 | 0 |
_aRU _bРКП _c20060818 |
|
| 801 | 1 |
_aRU _bРГБ _c20060818 |
|
| 801 | 2 |
_aRU _bNLR _c20060928 _grcr |
|
| 942 | _cBOOK | ||
| 980 | _aNB | ||
| 980 | _aNBR | ||